000
00527nam a2200133Ia 4500
008
151213s9999 xx 000 0 und d
100
_a
মুহাম্মদ দানীউল হক।
245
_a
অনুবেদন।
_c
মুহাম্মদ দানীউল হক।
260
_a
ঢাকা
_b
অ্যাসোসিয়েট্স প্রিন্টার্স ।
_c
1972
300
_a
8800 p.
650
_a
Bangla
700
_a
মুহাম্মদ দানীউল হক।
999
_c
4585
_d
4585